000
00336nam a22001457a 4500
008
210519b ||||| |||| 00| 0 eng d
020
_a
071670840
041
_a
eng
080
_a
574
082
_a
574
100
_a
9
101
_a
MJE
245
_a
Swine Production in Temperate and Tropical Envrionments
_c
Pond,
942
_2
udc
_c
BK
999
_c
57538
_d
57538